History of English literature from earliest times to 1916 (Record no. 98702)

MARC details
000 -LEADER
fixed length control field 00482nam a2200181Ia 4500
003 - CONTROL NUMBER IDENTIFIER
control field OSt
005 - DATE AND TIME OF LATEST TRANSACTION
control field 20250605090614.0
008 - FIXED-LENGTH DATA ELEMENTS--GENERAL INFORMATION
fixed length control field 210210b2000 xxu||||| |||| 00| 0 eng d
040 ## - CATALOGING SOURCE
Transcribing agency AL
041 ## - LANGUAGE CODE
Language code of text/sound track or separate title eng
082 ## - DEWEY DECIMAL CLASSIFICATION NUMBER
Classification number 820.9 COMH
100 ## - MAIN ENTRY--PERSONAL NAME
Personal name COMPTON RICKETT
9 (RLIN) 212802
245 ## - TITLE STATEMENT
Title History of English literature from earliest times to 1916
260 ## - PUBLICATION, DISTRIBUTION, ETC.
Place of publication, distribution, etc. ND
Name of publisher, distributor, etc. Vikaks Publishing House Pvt Ltd.,
Date of publication, distribution, etc. 2000
690 ## - LOCAL SUBJECT ADDED ENTRY--TOPICAL TERM (OCLC, RLIN)
Topical term or geographic name as entry element English Literature
9 (RLIN) 212803
906 ## - LOCAL DATA ELEMENT F, LDF (RLIN)
a 050178
942 ## - ADDED ENTRY ELEMENTS (KOHA)
Source of classification or shelving scheme Dewey Decimal Classification
Koha item type Book
Holdings
Withdrawn status Lost status Source of classification or shelving scheme Damaged status Not for loan Collection code Home library Current library Shelving location Date acquired Cost, normal purchase price Total Checkouts Full call number Barcode Date last seen Price effective from Koha item type
    Dewey Decimal Classification     English St Aloysius Library St Aloysius Library Secondary stack section 02/17/2021 150.00   820.9 COMH 050178 02/17/2021 02/17/2021 Book